Systém vzdelávania a jeho väzby na trh práce v SR diplomová práca

Enregistré dans:
Détails bibliographiques
Auteur principal: Lakotová, Dominika
Collectivité auteur: Fakulta hospodárskej informatiky EU. Katedra štatistiky
Autres auteurs: Lubyová, Martina
Format: Livre
Langue:slovaque
Publié: Bratislava 2014
Tags: Ajouter un tag
Pas de tags, Soyez le premier à ajouter un tag!

MARC

LEADER 00000nbm a2200000 4500
001 0188794
005 20170201113242.4
041 0 |a slo 
044 |a SK 
245 1 0 |a Systém vzdelávania a jeho väzby na trh práce v SR  |b diplomová práca  |c Dominika Lakotová ; školiteľ: Martina Lubyová 
264 1 |a Bratislava  |c 2014 
300 |a 78 s. 
100 1 |a Lakotová, Dominika 
700 1 |a Lubyová, Martina 
710 2 |a Fakulta hospodárskej informatiky EU. Katedra štatistiky